[Event "1800-2200 Leisure RR"]
[Site "SchemingMind.com"]
[Date "2012.12.26"]
[Round "-"]
[White "fourluxflakes"]
[Black "tyler_ensor"]
[Result "0-1"]
[WhiteCountry "ENG"]
[BlackCountry "CAN"]
[WhiteElo "1777"]
[WhiteRD "71"]
[BlackElo "2052"]
[BlackRD "83"]
[GameID "323815"]

1. b3 e5 2. Bb2 Nc6 3. c4 f5 4. e3 Nf6 5. d3 d6 6. Nc3 Be7 7. Nf3 O-O 8. Be2 h6 9. O-O Be6 10. a3 a5
11. Qc2 Qe8 12. Nb5 Bd8
0-1

[Event "1800-2200 Leisure RR"]
[Site "SchemingMind.com"]
[Date "2012.12.29"]
[Round "-"]
[White "fourluxflakes"]
[Black "Olli Ylönen"]
[Result "0-1"]
[WhiteCountry "ENG"]
[BlackCountry "FIN"]
[WhiteElo "1777"]
[WhiteRD "71"]
[BlackElo "1848"]
[BlackRD "54"]
[GameID "323816"]

1. b3 e5 2. Bb2 Nc6 3. e3 Nf6 4. Bb5 Bd6 5. Na3 Na5 6. Be2 a6 7. c4 O-O 8. Nf3 Re8 9. O-O Bf8 10. d4 exd4
11. Nxd4 d5 12. cxd5 Nxd5 13. Rc1 Qg5
0-1

[Event "1800-2200 Leisure RR"]
[Site "SchemingMind.com"]
[Date "2012.12.25"]
[Round "-"]
[White "fourluxflakes"]
[Black "Vladimir2011"]
[Result "0-1"]
[WhiteCountry "ENG"]
[BlackCountry "BLR"]
[WhiteElo "1777"]
[WhiteRD "71"]
[BlackElo "2017"]
[BlackRD "87"]
[GameID "323817"]

1. Nc3 g6 2. e4 c5 3. Nf3 Bg7 4. d4 cxd4 5. Nxd4 Nc6 6. Be3 d6 7. Be2 Nf6 8. Qd2 O-O 9. f3 a6 10. g4 Ne5
11. O-O-O b5 12. g5 Nh5 13. f4 Nc4 14. Bxc4 bxc4
0-1

[Event "1800-2200 Leisure RR"]
[Site "SchemingMind.com"]
[Date "2012.12.25"]
[Round "-"]
[White "fourluxflakes"]
[Black "hymanroth"]
[Result "0-1"]
[WhiteCountry "ENG"]
[BlackCountry "CRO"]
[WhiteElo "1741"]
[WhiteRD "75"]
[BlackElo "2199"]
[BlackRD "98"]
[GameID "323818"]

1. Nc3 e5 2. Nf3 Nc6 3. d4 exd4 4. Nxd4 Nf6 5. e4 Bb4 6. Nxc6 bxc6 7. Bd3 d5 8. O-O Bxc3 9. bxc3 dxe4 10. Re1 O-O
11. Bc4 Bg4 12. Qd4 Qxd4 13. cxd4 Rab8 14. Ba3 Rfe8 15. Rab1 Be6
0-1

[Event "1800-2200 Leisure RR"]
[Site "SchemingMind.com"]
[Date "2012.12.26"]
[Round "-"]
[White "e_castle3"]
[Black "fourluxflakes"]
[Result "1-0"]
[WhiteCountry "PHI"]
[BlackCountry "ENG"]
[WhiteElo "1762"]
[WhiteRD "68"]
[BlackElo "1741"]
[BlackRD "75"]
[GameID "323819"]

1. e4 g6 2. Nf3 Bg7 3. g3 d6 4. Bg2 Nf6 5. d3 O-O 6. c3 c5 7. O-O Nc6 8. Na3 a6 9. Bg5 Rb8 10. Qd2 b5
11. Bh6 Qc7 12. Bxg7 Kxg7 13. Rfe1 Be6 14. d4 Bd7 15. Nc2
1-0

[Event "1800-2200 Leisure RR"]
[Site "SchemingMind.com"]
[Date "2012.12.25"]
[Round "-"]
[White "PankracyRozumek"]
[Black "fourluxflakes"]
[Result "1-0"]
[WhiteCountry "POL"]
[BlackCountry "ENG"]
[WhiteElo "1913"]
[WhiteRD "84"]
[BlackElo "1777"]
[BlackRD "71"]
[GameID "323821"]

1. c4 e5 2. g3 f5 3. d4 e4 4. Nc3 Nf6 5. Nh3 Nc6 6. Bg2 a6 7. O-O Bb4 8. Bg5 O-O 9. e3 Bxc3 10. bxc3 d6
11. Nf4 Qe8 12. Bxf6 Rxf6 13. Nd5 Rf7 14. f3 exf3 15. Rxf3 Nb8 16. Qc2 Qc6 17. Qd3
1-0

[Event "1800-2200 Leisure RR"]
[Site "SchemingMind.com"]
[Date "2012.12.25"]
[Round "-"]
[White "tyler_ensor"]
[Black "fourluxflakes"]
[Result "1-0"]
[WhiteCountry "CAN"]
[BlackCountry "ENG"]
[WhiteElo "2052"]
[WhiteRD "83"]
[BlackElo "1777"]
[BlackRD "71"]
[GameID "323822"]

1. Nf3 d5 2. c4 c6 3. b3 Nf6 4. Bb2 Bg4 5. e3 e6 6. Be2 Nbd7 7. O-O Be7 8. d4 O-O 9. Nbd2 Rc8 10. Ne1 Bxe2
11. Qxe2 h6 12. Nd3
1-0

[Event "1800-2200 Leisure RR"]
[Site "SchemingMind.com"]
[Date "2012.12.25"]
[Round "-"]
[White "Olli Ylönen"]
[Black "fourluxflakes"]
[Result "1-0"]
[WhiteCountry "FIN"]
[BlackCountry "ENG"]
[WhiteElo "1848"]
[WhiteRD "54"]
[BlackElo "1777"]
[BlackRD "71"]
[GameID "323823"]

1. e4 Nf6 2. e5 Nd5 3. d4 d6 4. Nf3 Bg4 5. Be2 c6 6. O-O Bxf3 7. Bxf3 dxe5 8. dxe5 e6 9. Re1 Nd7 10. Nd2 Qc7
11. Nc4 Be7 12. Nd6+ Bxd6 13. exd6 Qd8 14. Bxd5
1-0

[Event "1800-2200 Leisure RR"]
[Site "SchemingMind.com"]
[Date "2012.12.25"]
[Round "-"]
[White "Vladimir2011"]
[Black "fourluxflakes"]
[Result "1-0"]
[WhiteCountry "BLR"]
[BlackCountry "ENG"]
[WhiteElo "2017"]
[WhiteRD "87"]
[BlackElo "1777"]
[BlackRD "71"]
[GameID "323824"]

1. d4 d5 2. c4 c6 3. Nc3 Nf6 4. e3 a6 5. b3 g6 6. Bb2 Bg7 7. Nf3 O-O 8. Bd3 Bg4 9. h3 Bxf3 10. Qxf3 dxc4
11. bxc4 Nbd7 12. g4 b5 13. Qxc6 bxc4 14. Bxc4 Qa5 15. Qa4
1-0

[Event "1800-2200 Leisure RR"]
[Site "SchemingMind.com"]
[Date "2012.12.25"]
[Round "-"]
[White "hymanroth"]
[Black "fourluxflakes"]
[Result "1-0"]
[WhiteCountry "CRO"]
[BlackCountry "ENG"]
[WhiteElo "2199"]
[WhiteRD "98"]
[BlackElo "1741"]
[BlackRD "75"]
[GameID "323825"]

1. d4 d5 2. c4 c6 3. Nc3 Nf6 4. e3 a6 5. Qc2 b5 6. b3 Bg4 7. Nge2 e6 8. Ng3 Nh5 9. Nxh5 Bxh5 10. Bd3 Bg6
11. Bxg6 hxg6 12. O-O Bd6 13. h3
1-0

[Event "1800-2200 Leisure RR"]
[Site "SchemingMind.com"]
[Date "2012.12.31"]
[Round "-"]
[White "Buckaroo Bob"]
[Black "e_castle3"]
[Result "1-0"]
[WhiteCountry "USA"]
[BlackCountry "PHI"]
[WhiteElo "2309"]
[WhiteRD "74"]
[BlackElo "1762"]
[BlackRD "68"]
[GameID "324103"]

1. Nf3 Nf6 2. c4 c5 3. Nc3 e6 4. e4 d6 5. d4 cxd4 6. Nxd4 a6 7. Be2 Nc6 8. O-O Be7 9. Be3 Nxd4 10. Qxd4 O-O
11. f4 Bd7 12. e5 dxe5 13. fxe5 Ne8 14. Rad1 Bc6 15. Qxd8 Rxd8 16. Rxd8 Bxd8 17. b4 Nc7 18. a4 Be7 19. b5 axb5 20. axb5 Bd7
21. Rd1 Bc8 22. Ne4 Ne8 23. Bf3 f5 24. Nd6 Nc7 25. b6 Na6 26. Nxc8
1-0

[Event "1800-2200 Leisure RR"]
[Site "SchemingMind.com"]
[Date "2012.12.31"]
[Round "-"]
[White "Buckaroo Bob"]
[Black "fourluxflakes"]
[Result "1-0"]
[WhiteCountry "USA"]
[BlackCountry "ENG"]
[WhiteElo "2272"]
[WhiteRD "73"]
[BlackElo "1777"]
[BlackRD "71"]
[GameID "324105"]

1. Nf3 Nf6 2. c4 g6 3. Nc3 Bg7 4. e4 O-O 5. d4 d6 6. Be2 e5 7. Be3 Ng4 8. Bg5 f6 9. Bh4 Nc6 10. d5 Ne7
11. Nd2 Nh6 12. f3 a6 13. O-O Qe8 14. Bf2 f5 15. c5 f4 16. cxd6 cxd6 17. Qb3 Rb8 18. Bxa6 g5 19. Bb5 Qh5 20. Qa3 g4
21. Qxd6 g3 22. hxg3 fxg3 23. Bxg3
1-0

[Event "1800-2200 Leisure RR"]
[Site "SchemingMind.com"]
[Date "2013.01.01"]
[Round "-"]
[White "Buckaroo Bob"]
[Black "PankracyRozumek"]
[Result "1-0"]
[WhiteCountry "USA"]
[BlackCountry "POL"]
[WhiteElo "2272"]
[WhiteRD "73"]
[BlackElo "1913"]
[BlackRD "84"]
[GameID "324106"]

1. Nf3 d5 2. d4 Nf6 3. c4 e6 4. Nc3 Bb4 5. Bg5 Nbd7 6. cxd5 exd5 7. Rc1 c6 8. Qc2 O-O 9. e3 Qa5 10. a3 Bxc3+
11. Qxc3 Qxc3+ 12. bxc3 Ne4 13. Bf4 Nb6 14. Nd2 Bf5 15. Nxe4 Bxe4 16. f3 Bf5 17. g4 Bd7 18. Rb1 Rac8 19. a4 c5 20. a5 Na4
21. Rxb7 Bc6 22. Rxa7 cxd4 23. cxd4 Nb2 24. a6 Ra8 25. Rc7 Ba4 26. a7 Rfc8 27. Rxc8+
1-0

[Event "1800-2200 Leisure RR"]
[Site "SchemingMind.com"]
[Date "2013.01.01"]
[Round "-"]
[White "Buckaroo Bob"]
[Black "tyler_ensor"]
[Result "1-0"]
[WhiteCountry "USA"]
[BlackCountry "CAN"]
[WhiteElo "2309"]
[WhiteRD "74"]
[BlackElo "1983"]
[BlackRD "83"]
[GameID "324107"]

1. Nf3 Nf6 2. c4 e6 3. Nc3 d5 4. d4 c5 5. cxd5 Nxd5 6. e3 Nc6 7. Bd3 Be7 8. O-O O-O 9. a3 cxd4 10. exd4 Bf6
11. Re1 Nxc3 12. bxc3 b6 13. Qc2 g6 14. Bh6 Re8 15. Qd2 Bb7 16. Qf4 Na5 17. Ne5 Qe7 18. Ng4 Bg7 19. Bg5 Qf8 20. Nh6+ Bxh6
21. Bxh6 Qe7 22. Bg5 Qf8 23. Bf6 Rac8 24. Re3 Rxc3 25. Bxg6 Rxe3 26. Bc2
1-0

[Event "1800-2200 Leisure RR"]
[Site "SchemingMind.com"]
[Date "2013.01.04"]
[Round "-"]
[White "Buckaroo Bob"]
[Black "Olli Ylönen"]
[Result "1-0"]
[WhiteCountry "USA"]
[BlackCountry "FIN"]
[WhiteElo "2266"]
[WhiteRD "71"]
[BlackElo "1812"]
[BlackRD "55"]
[GameID "324108"]

1. Nf3 Nf6 2. c4 g6 3. Nc3 d5 4. cxd5 Nxd5 5. Qb3 Nb6 6. d4 Bg7 7. e4 O-O 8. Be3 Bg4 9. O-O-O a5 10. d5 a4
11. Qa3 N8d7 12. Kb1 Ne5 13. Bxb6 cxb6 14. Be2 Bxf3 15. gxf3 Qd6 16. Qxd6 exd6 17. Nb5 Rfd8 18. f4 Ra5 19. fxe5 Bxe5 20. Rc1 Rd7
21. Rc8+ Kg7 22. h4 Kf6 23. f4
1-0

[Event "1800-2200 Leisure RR"]
[Site "SchemingMind.com"]
[Date "2013.01.03"]
[Round "-"]
[White "Buckaroo Bob"]
[Black "Vladimir2011"]
[Result "1-0"]
[WhiteCountry "USA"]
[BlackCountry "BLR"]
[WhiteElo "2254"]
[WhiteRD "69"]
[BlackElo "1957"]
[BlackRD "93"]
[GameID "324109"]

1. Nf3 d5 2. d4 Bf5 3. c4 e6 4. Qb3 b6 5. Nc3 Nf6 6. cxd5 exd5 7. Bg5 c6 8. e4 dxe4 9. Ne5 Be6 10. Bc4 Qxd4
11. Bxe6 Qxe5 12. Bxf7+ Kd8 13. Bh4 Bc5 14. O-O-O+ Nd7 15. Bxf6+ gxf6 16. Be6 Bd6 17. Rxd6 Qxd6 18. Rd1 Qf4+ 19. Kb1
1-0

[Event "1800-2200 Leisure RR"]
[Site "SchemingMind.com"]
[Date "2013.01.01"]
[Round "-"]
[White "Buckaroo Bob"]
[Black "hymanroth"]
[Result "1/2-1/2"]
[WhiteCountry "USA"]
[BlackCountry "CRO"]
[WhiteElo "2359"]
[WhiteRD "90"]
[BlackElo "2248"]
[BlackRD "113"]
[GameID "324110"]

1. Nf3 Nf6 2. c4 b6 3. Nc3 Bb7 4. d4 e6 5. a3 d5 6. cxd5 Nxd5 7. Qc2 Nxc3 8. bxc3 Nd7 9. e4 c5 10. Bd3 Qc7
11. Qa2 Rc8 12. O-O Bd6 13. Bd2 O-O 14. a4 c4 15. Bc2 f5 16. e5 Be7 17. Ng5 Qc6 18. f3 h6 19. Nh3 g5 20. a5 b5
21. Nf2 Rfd8 22. Be3 a6 23. Rab1 Nf8 24. Nh3 Ng6 25. Kh1 Qe8 26. Rbe1 Nh4 27. Ng1 Qh5 28. Re2 b4 29. cxb4 f4 30. Bf2 Nxg2
31. Be4 Ne3 32. Rxe3 fxe3 33. Bxb7 exf2 34. Rxf2 Rc7 35. Bxa6 Qh4 36. b5 Qxd4 37. b6 Rc5 38. b7 Rb8 39. Rd2 Qxe5 40. Bxc4 Rxa5
41. Qc2 Kf8 42. Re2 Qd4 43. Rxe6 Ra1 44. Qf5+ Ke8 45. Qb5+ Kd8 46. Bf1 g4 47. Re4 Qc5 48. Qd3+ Bd6 49. Rc4 Qe5 50. f4 Qf6
51. Rd4 Kd7 52. Be2 h5 53. Qb5+ Kd8 54. Qc5 Kd7 55. Bb5+ Ke7 56. Re4+ Kf8 57. Qxh5 Rd8 58. Bc4 Bxf4 59. Qxg4 Be5 60. Qg8+ Ke7
61. Qg3 Kd6 62. Qe3 Kc7 63. Rxe5 Qc6+ 64. Qe4 Qxe4+ 65. Rxe4 Rd7 66. h3 Rdd1 67. Re7+ Kb8 68. Rg7 Rd2 69. Be6 Rb1 70. h4 Rd4
71. Bg4 Rbb4 72. Rg8+ Kxb7 73. Bf3+ Kc7 74. h5 Rh4+= 75. Kg2 Rb5 76. Rh8 Rg5+ 77. Kf1 Kd7 78. Ne2 Ke7 79. Kf2 Kf7 80. Ng3 Kg7
81. Ra8 Rh3 82. Ra7+ Kh6 83. Ra6+ Kg7 84. Ne4 Rgxh5 85. Bxh5 Rxh5 86. Ke3 Kf7 87. Kd4=
1/2-1/2

[Event "1800-2200 Leisure RR"]
[Site "SchemingMind.com"]
[Date "2012.12.31"]
[Round "-"]
[White "e_castle3"]
[Black "Buckaroo Bob"]
[Result "0-1"]
[WhiteCountry "PHI"]
[BlackCountry "USA"]
[WhiteElo "1706"]
[WhiteRD "59"]
[BlackElo "2322"]
[BlackRD "76"]
[GameID "324111"]

1. e4 c5 2. Nf3 d6 3. g3 Nf6 4. d3 Nc6 5. Bg2 g6 6. O-O Bg7 7. c3 O-O 8. Bg5 h6 9. Be3 Be6 10. Na3 Qb6
11. Qc1 Ng4 12. Bf4 g5 13. Bd2 Qa6 14. Qc2 Rad8 15. c4 Nb4 16. Qb3 Nxd3 17. Qxd3 Bxb2 18. Nb5 Bxa1 19. Rxa1 Ne5 20. Nxe5 dxe5
21. Qc2 Bxc4 22. Nc3 e6 23. Be3 b6 24. h4 f6 25. Bh3 gxh4 26. Bxh6 Rf7 27. gxh4 Rh7 28. Be3 Kf7 29. f3 Rxh4 30. Bf1 Bxf1
31. Rxf1 Rh1+
0-1

[Event "1800-2200 Leisure RR"]
[Site "SchemingMind.com"]
[Date "2013.01.01"]
[Round "-"]
[White "fourluxflakes"]
[Black "Buckaroo Bob"]
[Result "0-1"]
[WhiteCountry "ENG"]
[BlackCountry "USA"]
[WhiteElo "1777"]
[WhiteRD "71"]
[BlackElo "2272"]
[BlackRD "73"]
[GameID "324113"]

1. b3 e5 2. Bb2 Nc6 3. e3 Nf6 4. Bb5 Bd6 5. Na3 a6 6. Bxc6 dxc6 7. Nc4 Qe7 8. Nf3 e4 9. Nfe5 Be6 10. O-O h5
11. d4 Ng4 12. Na5 O-O-O 13. Qe2 Qh4 14. h3 Nxe5 15. dxe5 Bb4 16. Nc4 Rh6 17. Rad1 Rxd1 18. Rxd1 Bxh3 19. f4 Rg6 20. Rd2 Bxg2
0-1

[Event "1800-2200 Leisure RR"]
[Site "SchemingMind.com"]
[Date "2012.12.31"]
[Round "-"]
[White "PankracyRozumek"]
[Black "Buckaroo Bob"]
[Result "0-1"]
[WhiteCountry "POL"]
[BlackCountry "USA"]
[WhiteElo "1913"]
[WhiteRD "84"]
[BlackElo "2272"]
[BlackRD "73"]
[GameID "324114"]

1. d4 Nf6 2. c4 e6 3. Nc3 Bb4 4. e3 c5 5. Ne2 b6 6. a3 Ba5 7. Rb1 Na6 8. g3 Bb7 9. d5 b5 10. Bg2 bxc4
11. O-O O-O 12. e4 d6 13. Qa4 exd5 14. Nxd5 Nxd5 15. exd5 Re8 16. Nc3 Bb6 17. Bf4 Nc7 18. Rfe1 Re7 19. Qxc4 Ba6 20. Qb3 Bd3
21. Rbc1 g5 22. Be3 c4 23. Qd1 Bxe3 24. fxe3 Rb8 25. Qd2 Re5 26. e4 Nb5 27. Nxb5 Rxb5 28. Re3 Qb6 29. Kh1 Rxb2 30. Qe1 f5
31. h3 fxe4 32. Bxe4 Bxe4+
0-1

[Event "1800-2200 Leisure RR"]
[Site "SchemingMind.com"]
[Date "2013.01.01"]
[Round "-"]
[White "tyler_ensor"]
[Black "Buckaroo Bob"]
[Result "0-1"]
[WhiteCountry "CAN"]
[BlackCountry "USA"]
[WhiteElo "1983"]
[WhiteRD "83"]
[BlackElo "2309"]
[BlackRD "74"]
[GameID "324115"]

1. Nf3 g6 2. d4 Bg7 3. c4 d6 4. Nc3 c5 5. d5 Bxc3+ 6. bxc3 f5 7. Qc2 Qa5 8. e3 Nd7 9. Bd3 Ngf6 10. Bd2 Nb6
11. Rb1 Bd7 12. Ng5 Qa6 13. h4 Nxc4 14. Qb3 b5 15. Ne6 Nxd5 16. e4 fxe4 17. Ng7+ Kf7 18. Bxe4 Bc6 19. Bh6 Nxc3 20. Bxc6 Qxc6
21. Qxc3 Qe4+ 22. Kf1 Qxb1+ 23. Ke2 Qxa2+ 24. Ke1 Rhf8 25. Qf3+ Kg8 26. Qd5+ Kh8
0-1

[Event "1800-2200 Leisure RR"]
[Site "SchemingMind.com"]
[Date "2013.01.05"]
[Round "-"]
[White "Olli Ylönen"]
[Black "Buckaroo Bob"]
[Result "0-1"]
[WhiteCountry "FIN"]
[BlackCountry "USA"]
[WhiteElo "1862"]
[WhiteRD "61"]
[BlackElo "2288"]
[BlackRD "70"]
[GameID "324116"]

1. e4 c5 2. Nf3 d6 3. d4 cxd4 4. Nxd4 Nf6 5. Nc3 a6 6. Be3 e5 7. Nb3 Be7 8. f3 Be6 9. Qd2 O-O 10. O-O-O Nbd7
11. g4 Qc7 12. Kb1 b5 13. g5 Nh5 14. Nd5 Bxd5 15. exd5 Nb6 16. Rg1 g6 17. h4 Rac8 18. Na5 Nxd5 19. Qxd5 Qxa5 20. c4 Nf4
21. Bxf4 exf4 22. cxb5 axb5 23. Qxb5 Qa7 24. Bc4 Qf2 25. Bb3 Rc7 26. Qa5 Rfc8 27. Qd5 Bf8 28. h5 Bg7 29. Qd2 Qxf3 30. hxg6 hxg6
31. Rgf1 Qe4+ 32. Qd3 Rc1+
0-1

[Event "1800-2200 Leisure RR"]
[Site "SchemingMind.com"]
[Date "2013.01.03"]
[Round "-"]
[White "Vladimir2011"]
[Black "Buckaroo Bob"]
[Result "0-1"]
[WhiteCountry "BLR"]
[BlackCountry "USA"]
[WhiteElo "1957"]
[WhiteRD "93"]
[BlackElo "2254"]
[BlackRD "69"]
[GameID "324117"]

1. d4 Nf6 2. c4 e6 3. Nc3 Bb4 4. Bd2 O-O 5. e3 c5 6. Nf3 cxd4 7. Nxd4 Nc6 8. Be2 d5 9. O-O Nxd4 10. exd4 dxc4
11. Bxc4 Qxd4 12. Bb3 Bd7 13. Qe2 Bc6 14. Rad1 Qh4 15. a3 Bd6 16. h3 Rfd8 17. Be3 h6 18. Rd4 Bh2+ 19. Kxh2 Rxd4 20. g3 Ng4+
0-1

[Event "1800-2200 Leisure RR"]
[Site "SchemingMind.com"]
[Date "2012.12.31"]
[Round "-"]
[White "hymanroth"]
[Black "Buckaroo Bob"]
[Result "1/2-1/2"]
[WhiteCountry "CRO"]
[BlackCountry "USA"]
[WhiteElo "2253"]
[WhiteRD "95"]
[BlackElo "2288"]
[BlackRD "70"]
[GameID "324118"]

1. e4 c5 2. Nf3 d6 3. d4 cxd4 4. Nxd4 Nf6 5. Nc3 a6 6. Be2 Nbd7 7. a4 Nc5 8. Bf3 e5 9. Nde2 a5 10. Ng3 Be7
11. O-O O-O 12. Qe2 Be6 13. Rd1 Qd7 14. Bg5 h6 15. Bxf6 Bxf6 16. Qb5 Be7 17. Qxd7 Bxd7 18. Nd5 Bd8 19. Nf5 Bxf5 20. exf5 Rc8
21. Ra3 Re8 22. Be2 Kh7 23. Bb5 Rf8 24. Rc3 Rh8 25. Rc4 Rb8 26. f4 f6 27. g4 Rf8 28. Rf1 Ra8 29. Kg2=
1/2-1/2

[Event "1800-2200 Leisure RR"]
[Site "SchemingMind.com"]
[Date "2013.01.06"]
[Round "-"]
[White "smothered mate"]
[Black "e_castle3"]
[Result "1-0"]
[WhiteCountry "POL"]
[BlackCountry "PHI"]
[WhiteElo "1946"]
[WhiteRD "65"]
[BlackElo "1706"]
[BlackRD "59"]
[GameID "324265"]

1. e4 e5 2. Nf3 Nc6 3. d4 exd4 4. Nxd4 Nxd4 5. Qxd4 Qf6 6. Be3 Qxd4 7. Bxd4 d6 8. Nc3 a6 9. Nd5 Kd7 10. Bb6 cxb6
11. Nxb6+ Kc6 12. Nxa8 b5 13. a4 b4 14. Bc4 Nh6 15. Bd5+ Kc5 16. O-O-O Be7 17. a5 Ng4 18. Rd2 Bg5 19. Rd1 Bxd2+ 20. Rxd2 Ne5
21. Nb6 Kb5 22. f4 Ng4 23. Bxf7 Kxa5 24. Rxd6 Nxh2 25. Bc4 Rf8 26. Nxc8
1-0

[Event "1800-2200 Leisure RR"]
[Site "SchemingMind.com"]
[Date "2013.01.06"]
[Round "-"]
[White "smothered mate"]
[Black "fourluxflakes"]
[Result "1-0"]
[WhiteCountry "POL"]
[BlackCountry "ENG"]
[WhiteElo "1979"]
[WhiteRD "59"]
[BlackElo "1777"]
[BlackRD "71"]
[GameID "324267"]

1. e4 Nf6 2. e5 Nd5 3. d4 d6 4. Nf3 Bg4 5. c4 Nb6 6. exd6 cxd6 7. Nc3 Nc6 8. Be3 g6 9. h3 Bxf3 10. Qxf3 Bg7
11. Rd1 O-O 12. Be2 Rc8 13. c5 Nd7 14. cxd6 exd6 15. O-O
1-0

[Event "1800-2200 Leisure RR"]
[Site "SchemingMind.com"]
[Date "2013.01.06"]
[Round "-"]
[White "smothered mate"]
[Black "PankracyRozumek"]
[Result "1-0"]
[WhiteCountry "POL"]
[BlackCountry "POL"]
[WhiteElo "1932"]
[WhiteRD "64"]
[BlackElo "1981"]
[BlackRD "80"]
[GameID "324268"]

1. e4 Nf6 2. e5 Nd5 3. d4 d6 4. Nf3 dxe5 5. Nxe5 c6 6. Bc4 Nd7 7. Nf3 N7f6 8. O-O Bg4 9. h3 Bxf3 10. Qxf3 e6
11. c3 Be7 12. a3 O-O 13. Bd3 Re8 14. c4 Nb6 15. Rd1 Qc8 16. Nc3 Rd8 17. Be3 c5 18. dxc5 Bxc5 19. Bxh7+ Nxh7 20. Rxd8+ Qxd8
21. Bxc5 Nxc4 22. Qxb7 Rb8 23. Qxa7 Rxb2 24. Rd1 Qc8 25. Be7 Rd2 26. Rb1 Rb2 27. Rxb2 Nxb2 28. Qd4 Nc4 29. a4 Nf8 30. Ne4 Ng6
31. Bc5 Nce5 32. Nd6 Qd7 33. a5 Nc6 34. Qa4 Nge5 35. a6 Qc7 36. a7 Nxa7 37. Qxa7 Qxa7 38. Bxa7 Kf8 39. Bc5 Kg8 40. g3 f6
41. Kg2 Kh7 42. f4 Nd7 43. Ba3 e5 44. f5 Nb6 45. Kf3 Kg8 46. Ke4 Nd7 47. Kd5 Kf8 48. Ke6 Nb8 49. Nb5+ Kg8 50. Na7 Na6
51. Bd6 e4 52. Nc6 Kh7 53. Nd4 Kg8 54. Kd5 e3 55. Kc4 Kf7 56. Kb5
1-0

[Event "1800-2200 Leisure RR"]
[Site "SchemingMind.com"]
[Date "2013.01.06"]
[Round "-"]
[White "smothered mate"]
[Black "Buckaroo Bob"]
[Result "0-1"]
[WhiteCountry "POL"]
[BlackCountry "USA"]
[WhiteElo "1946"]
[WhiteRD "65"]
[BlackElo "2322"]
[BlackRD "76"]
[GameID "324269"]

1. e4 c5 2. Nf3 d6 3. d4 cxd4 4. Nxd4 Nf6 5. Nc3 a6 6. Bg5 Nbd7 7. Bc4 Qb6 8. Bb3 e6 9. Qd2 Nc5 10. Bxf6 gxf6
11. O-O-O Bd7 12. Bc4 O-O-O 13. f4 Kb8 14. f5 Rc8 15. Qe2 Bh6+ 16. Kb1 Bf4 17. Nf3 Na4 18. Nxa4 Bxa4 19. e5 fxe5 20. g3 Bh6
21. fxe6 fxe6 22. b3 Rhe8 23. Rhe1 Rc7 24. Ka1 Bg7 25. c3 e4 26. Nd4 d5 27. bxa4 Qc5 28. Qh5 Rec8 29. Bb3 Qxc3+ 30. Kb1 Bxd4
0-1

[Event "1800-2200 Leisure RR"]
[Site "SchemingMind.com"]
[Date "2013.01.06"]
[Round "-"]
[White "smothered mate"]
[Black "tyler_ensor"]
[Result "1-0"]
[WhiteCountry "POL"]
[BlackCountry "CAN"]
[WhiteElo "1948"]
[WhiteRD "70"]
[BlackElo "1822"]
[BlackRD "69"]
[GameID "324270"]

1. e4 c5 2. Nf3 d6 3. d4 cxd4 4. Nxd4 Nf6 5. Nc3 g6 6. f3 Bg7 7. Be3 a6 8. Qd2 h5 9. Bc4 b5 10. Bb3 Bb7
11. O-O-O Nbd7 12. Kb1 Rc8 13. Nd5 Ne5 14. Rhe1 Nc4 15. Bxc4 Rxc4 16. Ne2 Bxd5 17. exd5 Nd7 18. b3 Rc8 19. Bd4 Bxd4 20. Qxd4 O-O
21. g4 Ne5 22. gxh5 Nxf3 23. Qg4 Ne5 24. Qg2 Qc7 25. Nf4 Qc3 26. hxg6 Nxg6 27. Nxg6 fxg6 28. Qxg6+ Qg7 29. Qe6+ Qf7 30. Rg1+ Kh8
31. Rd3 Qxe6 32. dxe6
1-0

[Event "1800-2200 Leisure RR"]
[Site "SchemingMind.com"]
[Date "2013.01.06"]
[Round "-"]
[White "smothered mate"]
[Black "Olli Ylönen"]
[Result "0-1"]
[WhiteCountry "POL"]
[BlackCountry "FIN"]
[WhiteElo "1932"]
[WhiteRD "64"]
[BlackElo "1862"]
[BlackRD "57"]
[GameID "324271"]

1. e4 d6 2. d4 g6 3. Nf3 Bg7 4. Nc3 a6 5. Be2 Nf6 6. O-O O-O 7. h3 Nbd7 8. e5 Ne8 9. Bf4 c5 10. Ne4 cxd4
11. exd6 e5 12. Bg5 f6 13. Bc4+ Kh8 14. Qd2 fxg5 15. Nfxg5 Ndf6 16. Nxf6 Qxf6 17. Ne4 Qd8 18. Qb4 Bf5 19. Qxb7 Bxe4 20. Qxe4 Nxd6
21. Qe2 Nxc4 22. Qxc4 a5 23. Qd3 Rc8 24. a4 Qd5 25. Rfe1 Qc4 26. Qd2 Qxc2 27. Qxa5 Rxf2 28. Qd5 e4 29. Qxe4 Qxe4 30. Rxe4 Rxb2
31. a5 d3 32. a6 d2 33. Kh2 Ra2 34. Rd1 Bc3 35. Re6 Ra1
0-1

[Event "1800-2200 Leisure RR"]
[Site "SchemingMind.com"]
[Date "2013.01.06"]
[Round "-"]
[White "smothered mate"]
[Black "Vladimir2011"]
[Result "1-0"]
[WhiteCountry "POL"]
[BlackCountry "BLR"]
[WhiteElo "1948"]
[WhiteRD "70"]
[BlackElo "1944"]
[BlackRD "95"]
[GameID "324272"]

1. e4 g6 2. d4 Bg7 3. Nf3 d6 4. Nc3 Nf6 5. Be2 O-O 6. O-O Nbd7 7. e5 Ne8 8. Bf4 b6 9. e6 fxe6 10. Ng5 Ndf6
11. Bf3 d5 12. Be5 Nd6 13. Re1 h6 14. Nh3 g5 15. Bxf6 exf6 16. Nxd5 exd5 17. Bxd5+ Kh8 18. Bxa8 Bxh3 19. Bc6 Bd7 20. Bxd7 Qxd7
21. c4 Nxc4 22. Qc2 Qxd4 23. b3 Ne5 24. Qxc7 Nd3 25. Red1 Qxf2+ 26. Kh1 Re8 27. Qd7 Re2 28. Qd8+ Kh7 29. Qxd3+ f5 30. Qf3 Qxf3
31. gxf3 Bxa1 32. Rxa1 Kg6 33. Kg1 f4 34. h4 Kh5 35. hxg5
1-0

[Event "1800-2200 Leisure RR"]
[Site "SchemingMind.com"]
[Date "2013.01.06"]
[Round "-"]
[White "smothered mate"]
[Black "hymanroth"]
[Result "0-1"]
[WhiteCountry "POL"]
[BlackCountry "CRO"]
[WhiteElo "1946"]
[WhiteRD "65"]
[BlackElo "2227"]
[BlackRD "97"]
[GameID "324273"]

1. e4 e5 2. Nf3 Nc6 3. d4 exd4 4. Nxd4 Nf6 5. Nxc6 bxc6 6. e5 Qe7 7. Qe2 Nd5 8. Bd2 Rb8 9. c4 Nb4 10. Bc3 Qg5
11. Nd2 Nc2+ 12. Kd1 Nxa1 13. Ne4 Qg6 14. h4 Bb4 15. Bxb4 Rxb4 16. Nf6+ Kd8 17. Ne4 Ba6 18. h5 Qh6
0-1

[Event "1800-2200 Leisure RR"]
[Site "SchemingMind.com"]
[Date "2013.01.06"]
[Round "-"]
[White "e_castle3"]
[Black "smothered mate"]
[Result "0-1"]
[WhiteCountry "PHI"]
[BlackCountry "POL"]
[WhiteElo "1706"]
[WhiteRD "59"]
[BlackElo "1946"]
[BlackRD "65"]
[GameID "324274"]

1. e4 c5 2. Nf3 d6 3. Bc4 a6 4. a3 Nc6 5. c3 e6 6. O-O b5 7. Bb3 Nf6 8. Re1 Be7 9. d4 Qc7 10. d5 exd5
11. exd5 Ne5 12. Bf4 Nfd7 13. Nbd2 Nd3 14. Rxe7+ Kxe7 15. Qe2+ N3e5 16. Nxe5 dxe5 17. Nf3 f6 18. Rd1 Qd6 19. Nd2 c4 20. Ba2 Nc5
21. Bb1 Bb7 22. Ne4 Nxe4 23. Qxe4 Kf7
0-1

[Event "1800-2200 Leisure RR"]
[Site "SchemingMind.com"]
[Date "2013.01.06"]
[Round "-"]
[White "fourluxflakes"]
[Black "smothered mate"]
[Result "0-1"]
[WhiteCountry "ENG"]
[BlackCountry "POL"]
[WhiteElo "1777"]
[WhiteRD "71"]
[BlackElo "1979"]
[BlackRD "59"]
[GameID "324276"]

1. b3 e5 2. Bb2 Nc6 3. e3 Nf6 4. Bb5 Bd6 5. Na3 a6 6. Bxc6 dxc6 7. Nc4 O-O 8. Nf3 e4 9. Nd4 Be7 10. O-O c5
11. Ne2 Nd7 12. d4 b5 13. Nd2 Bb7
0-1